000 00278nam a2200109Ia 4500
008 220204s9999 xx 000 0 und d
082 _a547
_bEPI
100 _aEpiotis, Nicolaos D
245 0 _aTheory of organic reactions
260 _aBerlin
_bSpringer Verlag
_c1978
942 _cBK
999 _c30704
_d30704